Současné aspekty vzájemného souladu byznysu a informačních technológií

Strategická funkcia informačných technológií pre činnosť v oblasti podnikania a verejnej správy. Súčasné požiadavky vrcholového informačného manažmentu. Rozšírený model triády MIS. Štruktúra procesu vývoja systémov - dva prístupy a ich porovnanie.

Gespeichert in:
Bibliographische Detailangaben
1. Verfasser: Kaluža, Jindřich
Format: Buchkapitel
Sprache:Tschechisch
Schlagworte:
Tags: Tag hinzufügen
Keine Tags, Fügen Sie das erste Tag hinzu!

MARC

LEADER 00000naa$a2200000$$$4500
001 0064118
005 20231107110441.4
041 0 |a cze 
044 |a CZ 
245 1 0 |a Současné aspekty vzájemného souladu byznysu a informačních technológií  |c Jindřich Kaluža 
520 |a Strategická funkcia informačných technológií pre činnosť v oblasti podnikania a verejnej správy. Súčasné požiadavky vrcholového informačného manažmentu. Rozšírený model triády MIS. Štruktúra procesu vývoja systémov - dva prístupy a ich porovnanie. 
610 2 0 |a technológie informačné 
610 2 0 |a technológie komunikačné 
610 2 0 |a výkonnosť 
610 2 0 |a podnikanie 
610 2 0 |a manažment informačný strategický 
610 2 0 |a systémy informačné 
610 2 0 |a systémy informačné podnikové 
100 1 |a Kaluža, Jindřich